| 000 | 00914nam a2200265Ia 4500 | ||
|---|---|---|---|
| 005 | 20240530110940.0 | ||
| 008 | 140319s2005 xx 000 0 ara d | ||
| 020 | _a2721481045 | ||
| 040 |
_aGCL / _cGCL |
||
| 082 | 0 | 4 |
_a529.321 / _bا ج |
| 100 | 1 | _aانطوان بشارة قيقانو | |
| 245 | 1 | 0 |
_aجدول السنين الهجرية وما يوافقها من السنين الميلادية / _cانطوان بشارة قيقانو |
| 250 | _aالرابعة | ||
| 260 |
_aبيروت : _bدار المشرق ، _c2005 |
||
| 300 |
_aمتعدد ص؛ _c24 سم |
||
| 650 | 0 | 4 | _aالاسلام |
| 650 | 0 | 4 | _aهجرة الرسول |
| 650 | 0 | 4 | _aالحضارة الاسلامية |
| 650 | 0 | 4 | _aفتح مكة |
| 650 | 0 | 4 | _aالتقويم |
| 650 | 0 | 4 | _aالتقويم الهجرى |
| 650 | 0 | 4 | _aالتقويم الميلادى |
| 942 |
_2ddc _cBK |
||
| 999 |
_c66802 _d66802 |
||